| 000 | 00710nam a2200241 i 4500 | ||
|---|---|---|---|
| 003 | DO-SdBNP | ||
| 005 | 20230519123057.0 | ||
| 007 | ta | ||
| 008 | 230515b1943 dr ||||| |||| 00| 0 spa d | ||
| 040 |
_aDO-SdBNP _bspa _cBNPHU _erda |
||
| 082 | 4 |
_222 _bA727e |
|
| 100 |
_924269 _aOscar, Armando |
||
| 245 | 1 | 3 |
_aEl embrujo de la pintura / _cOscar Armando |
| 264 |
_aCiudad Trujillo, República Dominicana : _bLa Nación, _c1943. |
||
| 300 |
_a44 páginas ; _c17 cm. |
||
| 336 |
_2rdacontent _atexto _btxt |
||
| 337 |
_2rdamedia _asin mediación _bn |
||
| 338 |
_2rdacarrier _avolumen _bnc |
||
| 500 | _aEn la portada 5ta de la serie | ||
| 590 | _aInventariado, 2023/BT | ||
| 910 | _aBtavárez | ||
| 942 |
_2ddc _cLF2 |
||
| 999 |
_c53517 _d53517 |
||